Battle of the Alamo - People - Statistics

General Stats
  • This quiz has been taken 24 times
    22 since last reset
  • The average score is 5 of 30
Answer Stats
Hint Answer % Correct
Famous American Folk Hero & Frontiersman; US Rep. for Tennessee Davy Crockett
100%
8th President of Mexico; Led Mexican forces during the Battle of the Alamo Antonio López de Santa Anna
81%
American Pioneer, Frontiersman & Soldier; Co-commander of the Alamo James Bowie
75%
American Lawyer & Lt. Col. in the Texan Army; Co-commander of the Alamo William B. Travis
63%
American Messenger & Solider during the battle; 2nd Cousin of William B. Travis James Bonham
38%
Artillery Officer of the Alamo's small garrison; One of the last to fall Almaron Dickinson
25%
Mexican Army General; Commanded a column of 350 men during the battle Martín Perfecto de Cos
25%
Chief Engineer of the Alamo; Gave detailed description of defenses to Sam Houston Green B. Jameson
19%
Slave of William B. Travis; Fought in the Alamo; One of the few survivors Joe
19%
Chief Surgeon at the Alamo; Died, most likely, defending the Alamo's hospital Amos Pollard
13%
Mexican Army Colonel; Wrote memoir that Davy Crockett surrendered José Enrique de la Peña
13%
Courier; Carried the Alamo's message to the people; Wasn't present during battle Juan Seguín
13%
Mexican Army Deserter; Locked himself in a cell & convinced the Mexicans he was a prisoner Brigido Guerrero
6%
Mexican Army Colonel; Commanded a column of 400 men during the battle Francisco Duque
6%
Mexican Army General; Commanded the 500 cavalry during the battle Joaquín Ramírez y Sesma
6%
Adjutant of the garrison, next in command after the two co-commanders John J. Baugh
6%
Adjutant of the Alamo after promotion to Captain; Killed during the battle John J. Baugh
6%
Mexican Army Colonel; Commanded a column of 400 men during the battle José María Romero
6%
Mexican Army Colonel; Commanded a column of 125 men during the battle Juan Morales
6%
Mexican Army Officer; Took over ABOVE's column after injury during battle Manuel Fernández Castrillón
6%
Texan Army Volunteer; Amateur poet, writer, artist, and musician Micajah Autry
6%
Assistant to Master of Ordnance of the Alamo; Killed during the final stand Samuel Blair
6%
Courier; Carried the famous "To the People of Texas" letter; Killed during battle Albert Martin
0%
Quartermaster of the Alamo garrison; Killed during the battle outside of walls Eliel Melton
0%
Commander of the Immortal 32, the Alamo's Texian Militia relief force George C. Kimble
0%
Texan Army Volunteer; The last recorded Texan defender to enter the Alamo José Gregorio Esparza
0%
Mexican Army General; Led the first assault & wall scale alongside his men Juan Valentín Amador
0%
Master of Ordnance of the Alamo; Irish; Killed during the final stand Robert Evans
0%
Texan Army Volunteer; Often drunk, but fought bravely calm & sober during battle William B. Ward
0%
First Texas commander at the Alamo; Commanded "The Invincibles" William R. Carey
0%
No matching quizzes found
Score Distribution
Percent of People with Each Score
Percentile by Number Answered
Your Score History
You have not taken this quiz since the last reset